00513nam a2200085Ia 4500008004100000245027000041260000900311300008500320650002200405180130s9999 xx 000 0 und d cWallace, Michael; Wright, Bradley R.E.; Zozula, Christine; Missari, Stacy; Donnelly, Christopher M.; Wisnesky, Annie ScolaaA new approach for studying stratification and religion: early results from a national internet-based field experiment study of U.S. churches c2013 aBook title: Religion, work and inequality--Acession number C17314; pages 369-397 aSOCIOLOGY OF WORK